00411nam a2200157Ia 4500003000400000008004100004040001600045082001300061100002000074245004600094260004200140300000900182490002500191650001500216650002200231GCL140319s9999 xx 000 0 eng d aGCL / cGCL04a843bF A1 aFRANCE, ANATOLE10aLES AUTELS DE LA POUR / cFRANCE, ANATOLE a[S.N] : bLE LIVRE DE POCHE ، c1994 a92 P aLE LIVRE DE POCHEv004aLITERATURE04aFRENCH LITERATURE